| 000 | 01158nam0a22003011 4500 | ||
|---|---|---|---|
| 001 | rc\2280303 | ||
| 005 | 20260405085112.0 | ||
| 035 | _a(NLR Aleph) 006559690 | ||
| 090 |
_a6830002 _c6830002 |
||
| 100 | _a20110829d1977 |||y0rusy50 ca | ||
| 101 | 0 | _arus | |
| 102 | _aRU | ||
| 105 | _aa z |||a| | ||
| 200 | 1 |
_aКанавушка Ладожская _eИст. повесть _e[Для сред. и ст. возраста] _fА.И. Вересов _gРис. Б. Забирохина |
|
| 210 |
_aЛенинград _cДет. лит. Ленингр. отд-ние _d1977 |
||
| 215 |
_a208 с. _cил. _d20 |
||
| 607 |
_aЛадожский канал _xПостройка _xИстория (д. л.) _2psbo |
||
| 686 |
_aШ9(2)6=Р72-421.4. _2rubbk |
||
| 686 |
_aЩ897.58(2)Забирохин, Б _2rubbk |
||
| 700 | 1 |
_8rus _7ca _aВересов _bА. И. _f1911-1991 _gАлександр Израилевич _3RU\NLR\AUTH\7731150 _914161 |
|
| 702 | 1 |
_aЗабирохин _bБ. _4440 |
|
| 801 | 0 |
_aRU _bNLR _gpsbo |
|
| 801 | 1 |
_aRU _bELAR _2rusmarc |
|
| 852 |
_aNLR _j77-3/10545 |
||
| 899 |
_aRuMoRGB _jM 77-8/874 |
||
| 899 |
_aRuMoRGB _jM 77-8/875 |
||
| 942 | _cBOOK | ||
| 980 | _aNB | ||